Un rescate de la fantasía (Record no. 1481)

MARC details
000 -CABECERA
campo de control de longitud fija 01164nam a2200289 a 4500
001 - NÚMERO DE CONTROL
campo de control BRCA_1688
005 - FECHA Y HORA DE LA ÚLTIMA TRANSACCIÓN
campo de control 20190320203517.0
008 - DATOS DE LONGITUD FIJA--INFORMACIÓN GENERAL
campo de control de longitud fija 890510s1988 mx-a---##b---#000-0#spa-#
020 ## - NÚMERO INTERNACIONAL ESTÁNDAR DEL LIBRO
Número Internacional Estándar del Libro 9687009152
040 ## - FUENTE DE LA CATALOGACIÓN
Centro catalogador/agencia de origen DLC
Centro/agencia transcriptor DLC
Centro/agencia modificador DLC
050 #4 - SIGNATURA TOPOGRÁFICA DE LA BIBLIOTECA DEL CONGRESO
Número de clasificación ND239
Número de documento/Ítem .T68 1988
100 1# - ENTRADA PRINCIPAL--NOMBRE DE PERSONA
Nombre de persona Tovar de Teresa, Guillermo
Fechas asociadas al nombre 1956-
9 (RLIN) 559
245 10 - MENCIÓN DE TÍTULO
Título Un rescate de la fantasía
Resto del título el arte de los Lagarto, iluminadores novohispanos de los siglos XVI y XVII
Mención de responsabilidad, etc. Guillermo Tovar de Teresa.
260 ## - PUBLICACIÓN, DISTRIBUCIÓN, ETC.
Lugar de publicación, distribución, etc. México
Nombre del editor, distribuidor, etc. Fomento Cultural Banamex
260 ## - PUBLICACIÓN, DISTRIBUCIÓN, ETC.
Lugar de publicación, distribución, etc. Madrid
Nombre del editor, distribuidor, etc. Turner Libros
Fecha de publicación, distribución, etc. c1988
300 ## - DESCRIPCIÓN FÍSICA
Extensión 239 p., [2] p. de láminas
Otras características físicas il. (algunas a color)
Dimensiones 34 cm.
Material acompañante/anejo 10 láminas sueltas
500 ## - NOTA GENERAL
Nota general Título de lomo : El arte de los Lagarto
500 ## - NOTA GENERAL
Nota general Incluye apéndice documental
504 ## - NOTA DE BIBLIOGRAFÍA, ETC.
Nota de bibliografía, etc. Bibliografía: p. 197-220
650 14 - PUNTO DE ACCESO ADICIONAL DE MATERIA--TÉRMINO DE MATERIA
Término de materia o nombre geográfico como elemento de entrada Familia Lagarto
Subdivisión geográfica España - México
9 (RLIN) 5280
650 14 - PUNTO DE ACCESO ADICIONAL DE MATERIA--TÉRMINO DE MATERIA
Término de materia o nombre geográfico como elemento de entrada Iluminación de libros y manuscritos españoles
Subdivisión geográfica México
9 (RLIN) 5281
650 14 - PUNTO DE ACCESO ADICIONAL DE MATERIA--TÉRMINO DE MATERIA
Término de materia o nombre geográfico como elemento de entrada Iluminación de libros y manuscritos barrocos
Subdivisión geográfica México
9 (RLIN) 5282
650 14 - PUNTO DE ACCESO ADICIONAL DE MATERIA--TÉRMINO DE MATERIA
Término de materia o nombre geográfico como elemento de entrada Escritura novohispana
Subdivisión cronológica Siglos XVI y XVII
9 (RLIN) 5283
700 1# - PUNTO DE ACCESO ADICIONAL--NOMBRE DE PERSONA
Nombre de persona Lagarto, Luis
Fechas asociadas al nombre b. 1556.
9 (RLIN) 5284
740 0# - PUNTO DE ACCESO ADICIONAL--TÍTULO RELACIONADO O ANALÍTICO NO CONTROLADO
Título relacionado o analítico no controlado Arte de los Lagarto
942 ## - ELEMENTOS DE PUNTO DE ACCESO ADICIONAL (KOHA)
Fuente del sistema de clasificación o colocación Library of Congress Classification
Tipo de ítem Koha Libros
Holdings
Estado de retiro Estado de pérdida Estado dañado No para préstamo Localización permanente Ubicación/localización actual Fecha de adquisición Total de préstamos Signatura topográfica completa Código de barras Fecha visto por última vez Precio válido a partir de Tipo de ítem Koha
El ejemplar forma parte de la colección y puede ser consultado según las políticas vigentes.       Biblioteca del Museo Franz Mayer (Rogerio Casas-Alatriste) Biblioteca del Museo Franz Mayer (Rogerio Casas-Alatriste) 27/06/2008   ND239 .T68 1988 02324 22/03/2019 22/03/2019 Libros